La extrema derecha, los buenos y los malos (Record no. 59424)
[ view plain ]
| 000 -LEADER | |
|---|---|
| campo de control de longitud fija | 00842nam a2200253Ia 4500 |
| 008 - DATOS DE LONGITUD FIJA--INFORMACIÓN GENERAL | |
| campo de control de longitud fija | 240430s2024 sp 000 0 spa d |
| 041 ## - CÓDIGO DE IDIOMA | |
| Código de lengua del texto/banda sonora o título independiente | spa |
| 245 03 - MENCIÓN DEL TÍTULO | |
| Título | La extrema derecha, los buenos y los malos |
| 260 ## - PUBLICACIÓN, DISTRIBUCIÓN, ETC. | |
| Lugar de publicación, distribución, etc. | [Las Palmas de Gran Canaria] : |
| Nombre del editor, distribuidor, etc. | Comisiones Obreras de Canarias, |
| Fecha de publicación, distribución, etc. | 2024 |
| 300 ## - DESCRIPCIÓN FÍSICA | |
| Extensión | 3 p. ; |
| Dimensiones | 30 cm |
| 500 ## - NOTA GENERAL | |
| Nota general | En: Tierra Canaria (especial 1M 2024), p. 20-22 |
| 650 #0 - PUNTO DE ACCESO ADICIONAL DE MATERIA--TÉRMINO DE MATERIA | |
| Término de materia o nombre geográfico como elemento de entrada | POLITICA |
| 9 (RLIN) | 547 |
| 650 #0 - PUNTO DE ACCESO ADICIONAL DE MATERIA--TÉRMINO DE MATERIA | |
| Término de materia o nombre geográfico como elemento de entrada | IDEOLOGIA POLITICA |
| 9 (RLIN) | 1711 |
| 650 #0 - PUNTO DE ACCESO ADICIONAL DE MATERIA--TÉRMINO DE MATERIA | |
| Término de materia o nombre geográfico como elemento de entrada | SOCIEDAD |
| 9 (RLIN) | 1843 |
| 650 #0 - PUNTO DE ACCESO ADICIONAL DE MATERIA--TÉRMINO DE MATERIA | |
| Término de materia o nombre geográfico como elemento de entrada | DERECHOS HUMANOS |
| 9 (RLIN) | 2569 |
| 650 #0 - PUNTO DE ACCESO ADICIONAL DE MATERIA--TÉRMINO DE MATERIA | |
| Término de materia o nombre geográfico como elemento de entrada | PROBLEMA POLITICO |
| 9 (RLIN) | 2143 |
| 650 #0 - PUNTO DE ACCESO ADICIONAL DE MATERIA--TÉRMINO DE MATERIA | |
| Término de materia o nombre geográfico como elemento de entrada | CLASE TRABAJADORA |
| 9 (RLIN) | 385 |
| 650 #0 - PUNTO DE ACCESO ADICIONAL DE MATERIA--TÉRMINO DE MATERIA | |
| Término de materia o nombre geográfico como elemento de entrada | EUROPA |
| 9 (RLIN) | 139 |
| 650 #0 - PUNTO DE ACCESO ADICIONAL DE MATERIA--TÉRMINO DE MATERIA | |
| Término de materia o nombre geográfico como elemento de entrada | ACTITUD SINDICAL |
| 9 (RLIN) | 61 |
| 710 2# - ENTRADA AGREGADA--NOMBRE DE ENTIDAD CORPORATIVA | |
| Nombre de entidad corporativa o nombre de jurisdicción como elemento de entrada | CCOO |
| Unidad subordinada | Canarias, |
| Término indicativo de función/relación | ed. |
| 9 (RLIN) | 6776 |
| 856 ## - LOCALIZACIÓN Y ACCESO ELECTRÓNICOS | |
| Nota pública | |
| Identificador Uniforme de Recursos | <a href="https://docpublicos.ccoo.es/cendoc/067945ExtremaDerechaMalos.pdf">https://docpublicos.ccoo.es/cendoc/067945ExtremaDerechaMalos.pdf</a> |
| 907 ## - ELEMENTOS DE DATOS G LOCAL, LDG (RLIN) | |
| a | Política |
| 942 ## - ELEMENTOS DE ENTRADA SECUNDARIOS (KOHA) | |
| Tipo de ítem Koha | Documento Electrónico |
| Fuente del sistema de clasificación o colocación | Clasificación Decimal Dewey |
| Suprimir en OPAC | No |
| Estatus retirado | Estado de pérdida | Fuente del sistema de clasificación o colocación | Estado de daño | No para préstamo | Biblioteca de origen | Biblioteca actual | Fecha de adquisición | Enumeración/cronología de publicación seriada | Número de inventario | Total de préstamos | Código de barras | Visto por última vez | Copia número | Precio de reemplazo | Tipo de ítem Koha |
|---|---|---|---|---|---|---|---|---|---|---|---|---|---|---|---|
| Clasificación Decimal Dewey | CENDO | CENDO | 30/04/2024 | Tierra Canaria (especial 1M 2024), p. 20-22 | 067945 | 2024-0699 | 30/04/2024 | PS142 | 30/04/2024 | Documento Electrónico |